000 01082nam a22003137a 4500
003 CHAP
005 20220329140710.0
008 971013s r 10010 d
010 _a56244
011 _a57216
035 _a61370
040 _cCHAP
082 _a632
_bC6r 1980
111 0 0 _aSimposio sobre la Enseñanza de la Fitopatología en México (
_d1981
_c: México, D. F.)
_9106413
245 _aMemorias
260 _a(s.l.) :
_bSociedad Mexicana de Fitopatología,
_c(s.a.)
300 _a39 h.
501 _aEnc. con : Congreso Nacional de Fitopatología (9 : 1980 : Uruapán, Mich.)
590 _aBATCH-UPD
_b10
_c20130110
_lUCH01
_h0450
590 _aBATCH-UPD
_b10
_c20130410
_lUCH01
_h0126
590 _aBATCH-UPD
_b10
_c20130410
_lUCH01
_h1648
590 _aBATCH-UPD
_b10
_c20130914
_lUCH01
_h1414
590 _aCONVERSION
_b10
_c20130109
_lUCH01
_h1330
650 1 4 _aFitopatología
_xCongresos.
_941165
650 1 4 _aFitopatología
_xEstudio y enseñanza.
_941168
901 _aBK
942 _cLIBRO
949 _a632 C6r 1980
_bBC
_cCONG
_d-131864
_eCONG
_h59431
_i61370
_si
999 _c56244
_d56244